Berühmte Militärs nach Bild und Nation - 5 - Statistiken

Allgemein
  • Dieses Quiz wurde 45 mal gespielt
  • Das Durchschnittsergebnis liegt bei 3 aus 8
Antwortstatistiken
Bildquiz Hint Antwort % Korrekt
Deutschland Karl Dönitz
78%
Vereinigte Staaten Ulysses Grant
61%
China/Taiwan Chiang Kai-shek | Tschiang Kai Schek
33%
Deutschland Friedrich Wilhelm
33%
Vereinigtes Königreich Heinrich V
22%
Deutschland Ludwig von Yorck
17%
Japan Tōjō Hideki
14%
Ungarn Miklós Horthy
11%
Keine übereinstimmenden Quizze gefunden
Verteilung der Resultate
Anzahl Personen mit jedem Resultat
Perzentil nach korrekt beantworteten Fragen
Ihre Resultats-Entwicklung
Sie haben dieses Quiz noch nicht gespielt